000 00624nam a2200205Ii 4500
001 5383
003 CO-ViMGA
008 241108s9999||||xx |||||||||||||| ||und||
040 _aCO-ViMGA
_bspa
_erda
_cCO-ViMGA
041 0 _aunk
082 0 4 _a813-C145d
100 1 _aErskine Caldwell
_946604
245 1 0 _aDisturbio en Julio, un lugar llamado Estherville
264 1 _a[Lugar de publicación no identificado] : Ediciones G.P., 1971
300 _avolumen
336 _atext
_btxt
_2rdacontent
337 _aunmediated
_bn
_2rdamedia
338 _avolume
_bnc
_2rdacarrier
940 _aidficha_siabuc: 5240. -- ficha_no_siabuc:5383
999 _c51382
_d51382